The first year--HIV : (Record no. 4197)

MARC details
000 -LEADER
fixed length control field 01266cam a22003134a 4500
001 - CONTROL NUMBER
control field 15985566
003 - CONTROL NUMBER IDENTIFIER
control field OSt
005 - DATE AND TIME OF LATEST TRANSACTION
control field 20160527143734.0
008 - FIXED-LENGTH DATA ELEMENTS--GENERAL INFORMATION
fixed length control field 091116s2007 nyua b 001 0 eng
010 ## - LIBRARY OF CONGRESS CONTROL NUMBER
LC control number 2009517764
020 ## - INTERNATIONAL STANDARD BOOK NUMBER
International Standard Book Number 9781600940132
020 ## - INTERNATIONAL STANDARD BOOK NUMBER
International Standard Book Number 1600940137
040 ## - CATALOGING SOURCE
Original cataloging agency DLC
Transcribing agency DLC
Modifying agency DLC
050 00 - LIBRARY OF CONGRESS CALL NUMBER
Classification number RC606.64
Item number .G765 2007
082 00 - DEWEY DECIMAL CLASSIFICATION NUMBER
Classification number QW 551
Item number G892b 2003
100 1# - MAIN ENTRY--PERSONAL NAME
Personal name Grodeck, Brett.
9 (RLIN) 9042
245 14 - TITLE STATEMENT
Title The first year--HIV :
Remainder of title an essential guide for the newly diagnosed /
Statement of responsibility, etc. Brett Grodeck ; foreword by Daniel S. Berger.
246 3# - VARYING FORM OF TITLE
Title proper/short title HIV
250 ## - EDITION STATEMENT
Edition statement 2nd.ed
260 ## - PUBLICATION, DISTRIBUTION, ETC. (IMPRINT)
Place of publication, distribution, etc. New York :
Name of publisher, distributor, etc. Marlowe,
Date of publication, distribution, etc. 2003.
300 ## - PHYSICAL DESCRIPTION
Extent xxi, 330 p. :
Other physical details ill. ;
Dimensions 23 cm.
504 ## - BIBLIOGRAPHY, ETC. NOTE
Bibliography, etc Includes bibliographical references (p. [275]-288) and index.
650 #0 - SUBJECT ADDED ENTRY--TOPICAL TERM
Topical term or geographic name as entry element HIV infections
Form subdivision Popular works.
9 (RLIN) 9043
856 42 - ELECTRONIC LOCATION AND ACCESS
Materials specified Contributor biographical information
Uniform Resource Identifier http://www.loc.gov/catdir/enhancements/fy1003/2009517764-b.html
856 42 - ELECTRONIC LOCATION AND ACCESS
Materials specified Publisher description
Uniform Resource Identifier http://www.loc.gov/catdir/enhancements/fy1003/2009517764-d.html
906 ## - LOCAL DATA ELEMENT F, LDF (RLIN)
a 7
b cbc
c orignew
d 2
e ncip
f 20
g y-gencatlg
942 ## - ADDED ENTRY ELEMENTS (KOHA)
Source of classification or shelving scheme Dewey Decimal Classification
Koha item type Open Shelf
Holdings
Withdrawn status Lost status Source of classification or shelving scheme Damaged status Not for loan Home library Current library Date acquired Source of acquisition Inventory number Total Checkouts Full call number Barcode Date last seen Price effective from Koha item type
    Dewey Decimal Classification     MUST Main Library MUST Main Library 27/05/2016   2007/29253   QW 551 G892b 2003 2016-2184 27/05/2016 27/05/2016 Open Shelf